Flagi wybranych państw A-Z - Statystyki

Ogólne statystyki
  • Ten quiz został rozwiązany 49 razy
    48 od ostatniego zresetowania
  • Średni wynik to 22 z 24
Statystyki odpowiedzi
Obrazkowy Hint Odpowiedź % Poprawnych
F Finlandia
100%
I Islandia
100%
B Bhutan
98%
J Jemen
98%
Ł Łotwa
98%
N Nigeria
98%
R Rosja
98%
W Włochy
98%
H Honduras
96%
L Liechtenstein
96%
O Oman
96%
A Angola
93%
C Czad
93%
K Kamerun
91%
M Mongolia
91%
U Uganda
91%
E Erytrea
89%
S Seszele
89%
V Vanuatu
89%
P Palau
87%
Z Zjednoczone Emiraty Arabskie
87%
D Dżibuti
78%
T Tonga
78%
G Gwinea Równikowa
72%
Nie znaleziono quizów pasujących do podanych kryteriów
Rozkład punktacji
Procent ludzi z każdym wynikiem
Percentyl według liczby udzielonych odpowiedzi
Twoja historia wyników
Nie rozwiązałeś tego quizu od ostatniego zresetowania